[Event "I LIGA CS 2016"]
[Site "Kragujevac"]
[Date "2016.09.12"]
[Round "4.1"]
[White "Enchev, Ivajlo"]
[Black "Stankovic, Milos"]
[Result "1-0"]
[WhiteElo "2451"]
[BlackElo "2410"]
[PlyCount "61"]
[EventDate "2016.??.??"]
[WhiteClock "0:19:21"]
[BlackClock "0:24:38"]

1. d4 Nf6 2. c4 g6 3. Nc3 d5 4. cxd5 Nxd5 5. e4 Nxc3 6. bxc3 Bg7 7. Bc4 c5 8.
Ne2 Nc6 9. Be3 O-O 10. O-O b6 11. Rc1 Bb7 12. Qd2 Rc8 13. Rfd1 cxd4 14. cxd4
Qd6 15. f3 Rfd8 16. d5 Qa3 17. Bg5 Ne5 18. Bb3 Ba6 19. Rxc8 Rxc8 20. Nd4 Nc4
21. Bxc4 Bxd4+ 22. Qxd4 Rxc4 23. Qe5 Qc5+ 24. Kh1 f6 25. Qe6+ Kg7 26. d6 Qxg5
27. Qxe7+ Kh6 28. d7 Rc2 29. Qf8+ Kh5 30. g4+ Kh4 31. Qd6 1-0

[Event "I LIGA CS 2016"]
[Site "Kragujevac"]
[Date "2016.09.12"]
[Round "4.2"]
[White "Nestorovic, Dejan"]
[Black "Radovanovic, Nikola"]
[Result "1/2-1/2"]
[WhiteElo "2380"]
[BlackElo "2396"]
[PlyCount "94"]
[EventDate "2016.??.??"]
[WhiteClock "0:26:48"]
[BlackClock "0:29:59"]

1. d4 Nf6 2. c4 g6 3. Nc3 Bg7 4. e4 d6 5. Nf3 O-O 6. Be2 e5 7. O-O Nc6 8. d5
Ne7 9. Ne1 Nd7 10. Nd3 f5 11. f3 f4 12. a4 g5 13. a5 Nf6 14. b4 h5 15. Nf2 Rf7
16. c5 Bf8 17. a6 b6 18. cxb6 cxb6 19. Nb5 Rg7 20. h3 Kh8 21. Ra3 Neg8 22. Bd2
Nh6 23. Rc3 g4 24. fxg4 hxg4 25. hxg4 Nhxg4 26. Nxg4 Nxg4 27. Nc7 Rxc7 28. Rxc7
Qxc7 29. Bxg4 Qg7 30. Bxc8 Rxc8 31. Rf3 Be7 32. Rc3 Rxc3 33. Qh5+ Kg8 34. Bxc3
Qg3 35. Qf3 Qxf3 36. gxf3 Kf7 37. Kg2 Bh4 38. b5 Kg6 39. Ba5 Bd8 40. Be1 Kh5
41. Kh3 Bf6 42. Ba5 Bd8 43. Bb4 Be7 44. Be1 Bf6 45. Bc3 Bh4 46. Bd2 Bg5 47. Be1
Bf6 1/2-1/2

[Event "I LIGA CS 2016"]
[Site "Kragujevac"]
[Date "2016.09.12"]
[Round "4.3"]
[White "Zlatanovic, Boroljub"]
[Black "Markovic, Zoran S"]
[Result "1/2-1/2"]
[WhiteElo "2392"]
[BlackElo "2363"]
[PlyCount "61"]
[EventDate "2016.??.??"]
[WhiteClock "0:17:15"]
[BlackClock "0:09:00"]

1. e4 c5 2. g3 d5 3. exd5 Qxd5 4. Nf3 Bg4 5. Bg2 Qe6+ 6. Kf1 Nc6 7. d3 Qd7 8.
Be3 e6 9. Nbd2 Nf6 10. Nc4 Nd5 11. h3 Nxe3+ 12. fxe3 Bxf3 13. Bxf3 Be7 14. Kg2
O-O 15. a4 Rad8 16. Bxc6 Qxc6+ 17. Qf3 Qc7 18. Rhf1 Bd6 19. e4 Be5 20. Qh5 f6
21. Rf3 Rf7 22. Raf1 Rdf8 23. Qg4 Qd7 24. Nxe5 fxe5 25. Qg5 Rxf3 26. Rxf3 Rxf3
27. Kxf3 Qd6 28. b3 b6 29. h4 Qc7 30. Kg4 a6 31. Kf3 1/2-1/2

[Event "I LIGA CS 2016"]
[Site "Kragujevac"]
[Date "2016.09.12"]
[Round "4.4"]
[White "Vucinic, Gojko"]
[Black "Novoselski, Zoran"]
[Result "1/2-1/2"]
[WhiteElo "2439"]
[BlackElo "2323"]
[PlyCount "113"]
[EventDate "2016.??.??"]
[WhiteClock "0:01:27"]
[BlackClock "0:34:28"]

1. e4 e5 2. Nf3 Nc6 3. Bc4 Bc5 4. c3 Qe7 5. O-O Bb6 6. d4 d6 7. a4 a6 8. h3 Nf6
9. Re1 h6 10. a5 Ba7 11. dxe5 Nxe5 12. Bb3 Nfd7 13. Nd4 Qf6 14. Bc2 Nc5 15. f4
Ne6 16. fxe5 dxe5 17. Ra4 Bd7 18. Rb4 O-O-O 19. Be3 exd4 20. cxd4 Qe7 21. Qd2
Bb5 22. d5 Bxe3+ 23. Rxe3 c5 24. Rbb3 Nd4 25. Rbc3 Kb8 26. Na3 Rhe8 27. Nc4
Bxc4 28. Rxc4 Qg5 29. Qf2 Rxd5 30. Rg3 Ne2+ 31. Kh2 Qxg3+ 32. Qxg3+ Nxg3 33.
exd5 Nf1+ 34. Kg1 Ne3 35. Rxc5 Rc8 36. Rxc8+ Kxc8 37. Bb3 Kd7 38. Kf2 Nf5 39.
g4 Ne7 40. Ke3 Kd6 41. Kd4 Ng6 42. Bc2 Nf4 43. h4 h5 44. gxh5 Nxh5 45. Bd1 Nf4
46. h5 Nh3 47. Bf3 f5 48. Be2 Ng5 49. Bd1 Nh7 50. Ke3 Kxd5 51. Kf4 Kc5 52. Bf3
Kb5 53. Bxb7 Nf6 54. Bf3 Kxa5 55. Kg5 Kb4 56. Bd1 f4 57. Kxf4 1/2-1/2

[Event "I LIGA CS 2016"]
[Site "Kragujevac"]
[Date "2016.09.12"]
[Round "4.5"]
[White "Radovic, Janko"]
[Black "Organdziev, Oliver"]
[Result "1/2-1/2"]
[WhiteElo "2258"]
[BlackElo "2259"]
[PlyCount "22"]
[EventDate "2016.??.??"]
[WhiteClock "1:12:49"]
[BlackClock "1:31:10"]

1. e4 e6 2. d4 d5 3. Nc3 dxe4 4. Nxe4 Bd7 5. Nf3 Bc6 6. Bd3 Nd7 7. O-O Be7 8.
c3 Ngf6 9. Nxf6+ Bxf6 10. Bf4 O-O 11. Re1 g6 1/2-1/2

[Event "I LIGA CS 2016"]
[Site "Kragujevac"]
[Date "2016.09.12"]
[Round "4.6"]
[White "Dudukovic, Nikola"]
[Black "Radovic, Luka"]
[Result "1/2-1/2"]
[WhiteElo "2356"]
[BlackElo "2254"]
[PlyCount "133"]
[EventDate "2016.??.??"]

1. Nf3 Nf6 2. g3 d5 3. d4 c5 4. Bg2 Nc6 5. O-O e6 6. c3 Be7 7. Nbd2 O-O 8. dxc5
a5 9. Qc2 e5 10. e4 d4 11. cxd4 exd4 12. a3 a4 13. Ne1 Be6 14. Nd3 Nd7 15. b4
axb3 16. Nxb3 b6 17. e5 Ndxe5 18. Nxe5 Nxe5 19. Bf4 Bf6 20. Bxe5 Bxe5 21. Qd3
Rc8 22. c6 Bd5 23. Rac1 Bxg2 24. Kxg2 Qd5+ 25. Qf3 Rfd8 26. Nd2 Qxf3+ 27. Nxf3
Bd6 28. Nxd4 Bxa3 29. Rcd1 Bc5 30. Nb5 Rxd1 31. Rxd1 Rxc6 32. Rd8+ Bf8 33. Rb8
g6 34. Na7 Re6 35. f4 Kg7 36. Nb5 Bc5 37. Nc3 h5 38. h4 Bd4 39. Nb5 Re2+ 40.
Kf3 Re3+ 41. Kg2 Bc5 42. Nc7 Rd3 43. Ne8+ Kh6 44. Nf6 Bd4 45. Ne4 Re3 46. Nd6
Re7 47. Nc4 Re2+ 48. Kh1 Re6 49. Rd8 Bc5 50. Ne5 Kg7 51. Rd7 Re7 52. Rd5 Ra7
53. Nd3 Ra1+ 54. Kg2 Rd1 55. Rd7 Rd2+ 56. Kf3 Bg1 57. Ke4 Bf2 58. Rb7 Bxg3 59.
Ne5 Bxh4 60. Rxf7+ Kg8 61. Rb7 Rd6 62. Nc4 Re6+ 63. Kd5 Rf6 64. Rxb6 Rxb6 65.
Nxb6 Kg7 66. Ke4 Kf6 67. Nd7+ 1/2-1/2

[Event "I liga CS 2016."]
[Site "Kragujevac,hotel Sumarice"]
[Date "2016.09.12"]
[Round "4.2"]
[White "Cvetkovic, Zoran"]
[Black "Dimitrov, Radoslav"]
[Result "0-1"]
[WhiteElo "1728"]
[BlackElo "2489"]
[PlyCount "94"]
[EventDate "2016.09.10"]

1. e4 Nf6 2. Nc3 d5 3. exd5 Nxd5 4. Nxd5 Qxd5 5. Qf3 Qe6+ 6. Ne2 Nc6 7. c3 Qg6
8. Nf4 Qd6 9. d4 e5 10. dxe5 Qxe5+ 11. Qe2 Bd6 12. Nd3 Qxe2+ 13. Bxe2 Be6 14.
Be3 O-O-O 15. O-O Rhe8 16. Rfe1 Bc4 17. Nc1 Ne5 18. b3 Bxe2 19. Nxe2 Ng4 20.
Nd4 Bxh2+ 21. Kh1 Be5 22. Rad1 c5 23. Nb5 Rxd1 24. Rxd1 Nxe3 25. Re1 a6 26.
Rxe3 axb5 27. f4 f6 28. fxe5 Rxe5 29. Rh3 h6 30. Rg3 Rg5 31. Rd3 Kc7 32. Kh2 h5
33. Kh3 Re5 34. Kg3 g5 35. Kf3 h4 36. Rd1 Rf5+ 37. Ke3 Rf4 38. Rd2 Rg4 39. Rf2
Rg3+ 40. Kd2 f5 41. Rxf5 Rxg2+ 42. Kd3 h3 43. b4 c4+ 44. Kd4 h2 45. Rf7+ Kc6
46. Rh7 Rg4+ 47. Ke5 Rh4 0-1

[Event "I liga CS 2016."]
[Site "Kragujevac,hotel Sumarice"]
[Date "2016.09.12"]
[Round "4.2"]
[White "Zivkovic, Nemanja"]
[Black "Ilic, Zoran S"]
[Result "1-0"]
[WhiteElo "2260"]
[BlackElo "2279"]
[PlyCount "91"]
[EventDate "2016.09.10"]

1. e4 c5 2. Nf3 e6 3. c3 d5 4. exd5 Qxd5 5. Na3 Nf6 6. g3 Nc6 7. Bg2 Be7 8. O-O
Qd8 9. Nc2 Bd7 10. Qe2 O-O 11. d4 Rc8 12. c4 cxd4 13. Ncxd4 Qa5 14. Rd1 a6 15.
b3 Rfd8 16. Bb2 Ba3 17. Bxa3 Qxa3 18. Ne5 Nxe5 19. Qxe5 b6 20. Nc2 Qf8 21. Bb7
Rc5 22. Qd6 a5 23. Qxb6 Rb8 24. Qa6 h5 25. Bg2 h4 26. Qd6 Qc8 27. Ne3 hxg3 28.
hxg3 Be8 29. Rd3 Rc7 30. Rad1 Rd7 31. Qa3 Rxd3 32. Rxd3 Qc7 33. Qd6 Qa7 34. c5
Bb5 35. Rc3 Ne8 36. Qd4 Rc8 37. a3 Nc7 38. Nc4 a4 39. Nd6 Rb8 40. b4 Ba6 41.
Qh4 Nb5 42. Nxb5 Bxb5 43. c6 Qc7 44. Rc5 Be2 45. Qe4 Ba6 46. Qe5 1-0

[Event "I liga CS 2016."]
[Site "Kragujevac,hotel Sumarice"]
[Date "2016.09.12"]
[Round "4.2"]
[White "Milosavljevic, Ivan"]
[Black "Stankovic, Ivan G"]
[Result "0-1"]
[WhiteElo "2113"]
[BlackElo "2293"]
[PlyCount "74"]
[EventDate "2016.09.10"]

1. e4 c5 2. Nf3 Nc6 3. d4 cxd4 4. Nxd4 g6 5. Be3 Nf6 6. Nc3 Bg7 7. f3 O-O 8.
Qd2 d5 9. Nxc6 bxc6 10. O-O-O Be6 11. e5 Nd7 12. f4 Qa5 13. Kb1 Rab8 14. b3 Qb4
15. h4 h5 16. g3 a5 17. Qd4 Qb7 18. Na4 f6 19. exf6 Bxf6 20. Qd2 Bg4 21. Rc1
Qb4 22. Qxb4 axb4 23. Bd3 Ra8 24. Bxg6 Rxa4 25. bxa4 Ra8 26. Rhe1 Bc3 27. Bf2
e5 28. Rxe5 Nxe5 29. fxe5 Rxa4 30. Be8 Ra6 31. Bc5 d4 32. Rf1 Be6 33. Rf8+ Kg7
34. Rf6 Rxa2 35. Bf8+ Kg8 36. Rg6+ Kxf8 37. Rf6+ Kg7 0-1

[Event "I liga CS 2016."]
[Site "Kragujevac,hotel Sumarice"]
[Date "2016.09.12"]
[Round "4.2"]
[White "Milosevic, Aleksandar"]
[Black "Todorovic, Nenad I"]
[Result "1-0"]
[WhiteElo "2269"]
[BlackElo "2251"]
[PlyCount "73"]
[EventDate "2016.09.10"]

1. Nf3 c5 2. c4 Nc6 3. e3 e5 4. Nc3 Nf6 5. a3 d6 6. d4 cxd4 7. exd4 Bg4 8. Be3
exd4 9. Bxd4 Nxd4 10. Qxd4 Bxf3 11. gxf3 Be7 12. f4 O-O 13. Bg2 Nd7 14. O-O Nc5
15. Rad1 Bf6 16. Qd2 Bxc3 17. Qxc3 Qh4 18. Rxd6 Qxf4 19. Qd4 Qxd4 20. Rxd4 Rac8
21. b4 Ne6 22. Rd7 Rxc4 23. Rxb7 Rc7 24. Rxc7 Nxc7 25. Rd1 Nb5 26. Rd3 Rc8 27.
a4 Nc3 28. Bb7 Ne2+ 29. Kf1 Nf4 30. Rd1 Rb8 31. b5 Ne6 32. Bc6 Rd8 33. Rxd8+
Nxd8 34. Bd5 Kf8 35. a5 Ke7 36. b6 axb6 37. a6 1-0

[Event "I liga CS 2016."]
[Site "Kragujevac,hotel Sumarice"]
[Date "2016.09.12"]
[Round "4.2"]
[White "Djukic, Nebojsa"]
[Black "Vlahovic, Bogdan"]
[Result "0-1"]
[WhiteElo "2196"]
[BlackElo "2312"]
[PlyCount "128"]
[EventDate "2016.09.10"]

1. e4 Nf6 2. Nc3 d5 3. e5 d4 4. exf6 dxc3 5. fxe7 cxd2+ 6. Bxd2 Bxe7 7. Bc3 O-O
8. Qxd8 Rxd8 9. Bd3 Nd7 10. Nf3 Nc5 11. Bc4 Ne4 12. Be5 Nd6 13. Bd3 Bg4 14. Be2
Re8 15. O-O Bf6 16. Bxf6 Rxe2 17. Nd4 gxf6 18. Nxe2 Bxe2 19. Rfe1 Bg4 20. f3
Be6 21. b3 Nb5 22. Red1 c5 23. Kf2 Rc8 24. a4 Nd4 25. Rd2 Nc6 26. Rb1 Kf8 27.
g4 Ke7 28. Re1 Kf8 29. Rb1 Kg7 30. f4 f5 31. g5 a5 32. c3 Rc7 33. h4 h5 34.
gxh6+ Kxh6 35. Rd3 Rc8 36. Rg1 Nd8 37. c4 Nc6 38. Rd6 Kh7 39. h5 Nd4 40. Rb6
Rc7 41. Rg3 Rd7 42. h6 Nc6 43. Ke3 Kxh6 44. Rb5 Kh7 45. Rxc5 Rd4 46. Rb5 Re4+
47. Kd3 Bc8 48. Rf3 Kg7 49. Rd5 Kf6 50. Kc3 Be6 51. Rd2 Ke7 52. Rf1 Nb4 53. Rf3
Re1 54. Kb2 Na6 55. Ka3 Re4 56. Kb2 Nc5 57. Ka3 b6 58. Kb2 Re1 59. Ka3 Ne4 60.
Rc2 Bd7 61. Rh3 Nc5 62. Rh8 Re3 63. Rb2 Bxa4 64. Rb8 Bxb3 0-1

[Event "I LIGA CS 2016"]
[Site "Kragujevac"]
[Date "2016.09.12"]
[Round "4.16"]
[White "Rajkovic, Dusan"]
[Black "Panic, Nenad"]
[Result "1/2-1/2"]
[WhiteElo "2367"]
[BlackElo "2340"]
[PlyCount "20"]
[EventDate "2016.??.??"]
[WhiteClock "1:33:54"]
[BlackClock "1:34:14"]

1. d4 Nf6 2. c4 c5 3. d5 b5 4. cxb5 a6 5. b6 d6 6. Nc3 g6 7. a4 Qxb6 8. a5 Qc7
9. e4 Bg7 10. Nf3 O-O 1/2-1/2

[Event "I liga CS 2016."]
[Site "Kragujevac,hotel Sumarice"]
[Date "2016.09.12"]
[Round "4.4"]
[White "Petkov, Vladimir"]
[Black "Ratkovic, Miloje"]
[Result "1-0"]
[WhiteElo "2514"]
[BlackElo "2414"]
[PlyCount "123"]
[EventDate "2016.09.10"]

1. Nf3 Nf6 2. g3 g6 3. Bg2 Bg7 4. O-O O-O 5. d4 d6 6. a4 Nbd7 7. a5 c6 8. Nbd2
Re8 9. c3 d5 10. Re1 e5 11. e4 Nxe4 12. Nxe4 dxe4 13. Rxe4 exd4 14. Rxe8+ Qxe8
15. Nxd4 a6 16. Be3 Ne5 17. Qb3 Qd8 18. h3 Qc7 19. f4 Nd7 20. Bf2 Nf6 21. Qb6
Qxb6 22. axb6 Bf8 23. Nb3 Nd7 24. Na5 Bc5 25. Bxc5 Nxc5 26. Rd1 Be6 27. g4 Rb8
28. Rd4 Kf8 29. Be4 f5 30. gxf5 gxf5 31. Bf3 Nd7 32. Kf2 Nxb6 33. Rb4 Nd5 34.
Bxd5 Bxd5 35. Rxb7 Re8 36. c4 Bh1 37. Rxh7 Re4 38. Kg3 Re2 39. Rb7 Be4 40. Kh4
Rg2 41. c5 Bd5 42. Rb6 Rg6 43. Rxa6 Kf7 44. Ra7+ Ke6 45. Rh7 Rg2 46. Nb7 Rxb2
47. Nd8+ Kf6 48. Nxc6 Rf2 49. Rh6+ Kg7 50. Rd6 Bxc6 51. Rxc6 Rxf4+ 52. Kg5 Rf1
53. Rg6+ Kh7 54. Rf6 Kg7 55. Rxf5 Rg1+ 56. Kf4 Kg6 57. Rd5 Kf6 58. h4 Rf1+ 59.
Ke4 Rh1 60. Rd6+ Ke7 61. Kd5 Rxh4 62. Kc6 1-0

[Event "I liga CS 2016."]
[Site "Kragujevac,hotel Sumarice"]
[Date "2016.09.12"]
[Round "4.4"]
[White "Milanovic, Slavisa"]
[Black "Paunovic, Tomislav"]
[Result "1-0"]
[WhiteElo "2395"]
[BlackElo "2347"]
[PlyCount "125"]
[EventDate "2016.09.10"]

1. c4 e5 2. Nc3 Nf6 3. Nf3 Nc6 4. a3 g6 5. g3 Bg7 6. Bg2 O-O 7. O-O d6 8. d3
Be6 9. Rb1 h6 10. b4 Qd7 11. Re1 Rfe8 12. Nd2 Bh3 13. Bh1 h5 14. b5 Nd8 15. a4
h4 16. a5 Rc8 17. b6 axb6 18. axb6 c6 19. Nde4 Nh7 20. c5 dxc5 21. Nxc5 Qe7 22.
Ba3 Bf8 23. Ra1 Ne6 24. N3e4 f5 25. Nxe6 Qxe6 26. Bxf8 Rxf8 27. Nc5 Qe7 28.
Qb3+ Kh8 29. Qc3 f4 30. Ne4 fxg3 31. hxg3 hxg3 32. fxg3 Ng5 33. Qc5 Qxc5+ 34.
Nxc5 Rf7 35. Bg2 Bf5 36. Ra7 Rb8 37. Rea1 Ne6 38. Ra8 Rxa8 39. Rxa8+ Kg7 40.
Nxb7 Rxb7 41. Ra7 Nd8 42. Bxc6 Bc8 43. Bxb7 Bxb7 44. Kf2 Kf6 45. e4 Ke6 46. Kf3
Kd6 47. Kg4 Kc6 48. Kg5 Kxb6 49. Ra3 Kc5 50. Kxg6 Kb4 51. Ra1 Kc3 52. Kf6 Kxd3
53. Kxe5 Nc6+ 54. Kf4 Nd4 55. Rd1+ Kc4 56. g4 Ne2+ 57. Ke3 Nc3 58. Rd4+ Kc5 59.
g5 Nb5 60. Rd1 Bxe4 61. Kxe4 Nc3+ 62. Kf3 Nxd1 63. g6 1-0

[Event "I liga CS 2016."]
[Site "Kragujevac,hotel Sumarice"]
[Date "2016.09.12"]
[Round "4.4"]
[White "Manic, Jovica"]
[Black "Blesic, Vaso"]
[Result "0-1"]
[WhiteElo "2264"]
[BlackElo "2350"]
[Annotator "Balkanchess"]
[PlyCount "124"]
[EventDate "2016.09.10"]

1. d4 Nf6 2. Bg5 c5 3. d5 Ne4 4. Bf4 Qb6 5. Qc1 g6 6. f3 Bg7 7. c3 Nf6 8. e4 e6
9. Na3 O-O 10. Nb5 Ne8 11. c4 d6 12. a4 e5 13. Be3 Na6 14. Qd2 Qd8 15. Bd3 Nb4
16. Bb1 f5 17. exf5 gxf5 18. Ne2 Qh4+ 19. g3 Qxc4 20. Nbc3 Nf6 21. O-O Kh8 22.
Rd1 Bd7 23. Ra3 Rae8 24. a5 e4 25. f4 Ng4 26. Kg2 Nxe3+ 27. Qxe3 Re7 28. a6
Nxa6 29. Ba2 Qb4 30. Rb3 Qa5 31. Rxb7 Nb4 32. Bc4 Rfe8 33. Qg1 Bc8 34. Ra1 Qxa1
35. Qxa1 Rxb7 36. Nb5 Rd8 37. Nxa7 Bd7 38. Nc6 Nxc6 39. dxc6 Bxc6 40. Qa6 Rb4
41. Qxc6 Rxc4 42. Qc7 Rf8 43. Nc3 Rd4 44. Qe7 Rd2+ 45. Kh3 d5 46. Nb5 Rxb2 47.
Nd6 Rbb8 48. Qe6 d4 49. Nxf5 Rfe8 50. Qd7 Bf6 51. g4 d3 52. g5 Rbd8 53. Qc7 Ba1
54. g6 hxg6 55. Ne7 d2 56. Nxg6+ Kg8 57. Ne7+ Kf7 58. Nf5+ Ke6 59. Ne3 Rd3 60.
Qb6+ Kf7 61. Qa7+ Kg6 62. Qxa1 d1=Q 0-1

[Event "I liga CS 2016."]
[Site "Kragujevac,hotel Sumarice"]
[Date "2016.09.12"]
[Round "4.4"]
[White "Ivanovic, Dragutin"]
[Black "Jovanovic, Bojan P"]
[Result "1-0"]
[WhiteElo "2291"]
[BlackElo "2236"]
[PlyCount "75"]
[EventDate "2016.09.10"]

1. Nf3 e6 2. g3 b6 3. Bg2 Bb7 4. O-O Nf6 5. d3 Be7 6. e4 d5 7. e5 Nfd7 8. Re1
g5 9. d4 c5 10. c3 Nc6 11. Be3 Rc8 12. a3 Ba6 13. b4 Bc4 14. g4 cxd4 15. cxd4
b5 16. Nfd2 Nb6 17. Nc3 Bd3 18. Nb3 Bc4 19. Nc5 Qc7 20. Rb1 Nd7 21. a4 a5 22.
bxa5 Ncxe5 23. Nxb5 Bxb5 24. axb5 Nc4 25. b6 Qc6 26. b7 Rb8 27. a6 Bxc5 28.
dxc5 Qxa6 29. Bxd5 Nce5 30. Bd4 f6 31. c6 exd5 32. cxd7+ Kd8 33. Bxe5 fxe5 34.
Qxd5 Qa4 35. Re4 Qc2 36. Rf1 Qc7 37. Rc4 Qxd7 38. Qxe5 1-0

[Event "I liga CS 2016."]
[Site "Kragujevac,hotel Sumarice"]
[Date "2016.09.12"]
[Round "4.4"]
[White "Arandjelovic, Aleksandar Z"]
[Black "Nikolic, Dragovan"]
[Result "1-0"]
[WhiteElo "2049"]
[BlackElo "2227"]
[PlyCount "67"]
[EventDate "2016.09.10"]

1. d4 Nf6 2. c4 e6 3. Nc3 Bb4 4. Bg5 h6 5. Bh4 d5 6. e3 Nc6 7. Nf3 g5 8. Bg3
Ne4 9. Qc2 h5 10. h4 Nxg3 11. fxg3 g4 12. Nd2 Bd6 13. Ne2 dxc4 14. Nxc4 Bb4+
15. Nc3 e5 16. O-O-O Bxc3 17. Qxc3 exd4 18. exd4 O-O 19. d5 Ne7 20. Bd3 Nxd5
21. Qe5 f5 22. Be4 c6 23. Bxd5+ cxd5 24. Rxd5 Qf6 25. Re1 b5 26. Qxf6 Rxf6 27.
Rd8+ Rf8 28. Ree8 Rxe8 29. Rxe8+ Kg7 30. Nd6 Bb7 31. Re7+ Kf6 32. Rxb7 Ke5 33.
Nf7+ Ke4 34. Rxb5 1-0

[Event "I liga CS 2016."]
[Site "Kragujevac,hotel Sumarice"]
[Date "2016.09.12"]
[Round "4.4"]
[White "Vuckovic, Branko"]
[Black "Manic, Ljubomir"]
[Result "1/2-1/2"]
[WhiteElo "2263"]
[BlackElo "2152"]
[PlyCount "51"]
[EventDate "2016.09.10"]

1. e4 d5 2. exd5 Qxd5 3. Nc3 Qa5 4. Nf3 Nf6 5. Bc4 Bg4 6. h3 Bh5 7. a3 c6 8. g4
Bg6 9. d3 Nbd7 10. Bd2 Qc7 11. Qe2 e6 12. O-O-O O-O-O 13. Bg5 Bd6 14. Nh4 Bf4+
15. Bxf4 Qxf4+ 16. Kb1 Nd5 17. Bxd5 exd5 18. Ng2 Qd6 19. f4 f6 20. Qf2 Kb8 21.
f5 Bf7 22. d4 g5 23. h4 h5 24. gxh5 Rxh5 25. hxg5 Rxg5 26. Rh7 1/2-1/2

[Event "I liga CS 2016."]
[Site "Kragujevac,hotel Sumarice"]
[Date "2016.09.12"]
[Round "4.5"]
[White "Chatalbashev, Boris"]
[Black "Pikula, Dejan"]
[Result "1/2-1/2"]
[WhiteElo "2542"]
[BlackElo "2433"]
[PlyCount "22"]
[EventDate "2016.09.10"]

1. d4 Nf6 2. Bg5 d5 3. e3 c5 4. Bxf6 gxf6 5. c4 cxd4 6. exd4 Nc6 7. Nc3 dxc4 8.
Bxc4 Qxd4 9. Nd5 Qe5+ 10. Ne2 Bg7 11. f4 Qd6 1/2-1/2

[Event "I liga CS 2016."]
[Site "Kragujevac,hotel Sumarice"]
[Date "2016.09.12"]
[Round "4.5"]
[White "Brkljaca, Ante"]
[Black "Mijailovic, Zoran"]
[Result "0-1"]
[WhiteElo "2296"]
[BlackElo "2411"]
[PlyCount "68"]
[EventDate "2016.09.10"]

1. Nf3 c5 2. e4 e6 3. d4 cxd4 4. Nxd4 Nc6 5. Nxc6 bxc6 6. Bd3 Nf6 7. O-O d5 8.
Nd2 Be7 9. c4 O-O 10. Qe2 Bb7 11. b3 a5 12. Bb2 a4 13. e5 Nd7 14. cxd5 cxd5 15.
Bd4 Bc5 16. Bxc5 Nxc5 17. Rfc1 Nxd3 18. Qxd3 axb3 19. axb3 d4 20. Nf3 Rxa1 21.
Rxa1 Bxf3 22. Qxf3 Qb8 23. Qe4 Rd8 24. g3 d3 25. b4 g6 26. Rd1 Qb5 27. Rd2 Rd5
28. f4 Qb6+ 29. Kg2 Rd4 30. Qf3 Qb5 31. Kh3 Kg7 32. Qe3 Rd5 33. Qe4 Qa6 34. Kg2
Qa1 0-1

[Event "I liga CS 2016."]
[Site "Kragujevac,hotel Sumarice"]
[Date "2016.09.12"]
[Round "4.5"]
[White "Radusinovic, Lazar"]
[Black "Jovanovic, Sasa M"]
[Result "1-0"]
[WhiteElo "2349"]
[BlackElo "2244"]
[PlyCount "73"]
[EventDate "2016.09.10"]

1. d4 Nf6 2. Nf3 c5 3. g3 cxd4 4. Nxd4 d5 5. Bg2 e5 6. Nb3 Be7 7. O-O h6 8. c4
dxc4 9. Qxd8+ Bxd8 10. N3d2 Nc6 11. Nxc4 Bc7 12. Nc3 Be6 13. b3 O-O-O 14. Ba3
Bd5 15. Nb5 Bxg2 16. Kxg2 Ne4 17. Rfc1 Rd7 18. Nxc7 Kxc7 19. Nxe5 Rd2 20. Kf1
Re8 21. Nf3 Rd5 22. Kg2 g5 23. h3 h5 24. Bb2 g4 25. hxg4 hxg4 26. Nd4 Nc5 27.
Nxc6 bxc6 28. Rc2 Re6 29. Rh1 Ne4 30. Bc1 f5 31. Rh7+ Rd7 32. Bf4+ Kd8 33. Rh5
Rd5 34. Rh8+ Kd7 35. Rh7+ Re7 36. Rxe7+ Kxe7 37. Rxc6 1-0

[Event "I liga CS 2016."]
[Site "Kragujevac,hotel Sumarice"]
[Date "2016.09.12"]
[Round "4.5"]
[White "Ivanovic, Lazar"]
[Black "Nadj Hedjesi, Balind"]
[Result "0-1"]
[WhiteElo "2017"]
[BlackElo "2311"]
[PlyCount "68"]
[EventDate "2016.09.10"]

1. d4 Nf6 2. c4 Nc6 3. Nf3 e6 4. Nc3 Bb4 5. Qc2 b6 6. Bd2 Bb7 7. d5 Ne7 8. e4
exd5 9. cxd5 Ng6 10. Bd3 O-O 11. h4 Bxc3 12. bxc3 Ng4 13. h5 N6e5 14. Nd4 Nxd3+
15. Qxd3 Re8 16. Nf5 Nf6 17. Bg5 Bxd5 18. Bxf6 Bxe4 19. Ne7+ Qxe7 20. Bxe7 Bxd3
21. Kd2 Bc4 22. Rhe1 f6 23. Ba3 Rxe1 24. Rxe1 Bxa2 25. Re7 Be6 26. h6 gxh6 27.
Ke1 a5 28. Bc1 a4 29. Bxh6 a3 30. Rg7+ Kh8 31. Rg3 a2 32. Bg7+ Kg8 33. Bh6+ Kf7
34. Rg7+ Ke8 0-1

[Event "I liga CS 2016."]
[Site "Kragujevac,hotel Sumarice"]
[Date "2016.09.12"]
[Round "4.5"]
[White "Ravic, Nenad"]
[Black "Vojinovic, Luka"]
[Result "1-0"]
[WhiteElo "2282"]
[BlackElo "2152"]
[PlyCount "103"]
[EventDate "2016.09.10"]

1. e4 c5 2. Nf3 Nc6 3. d4 cxd4 4. Nxd4 g6 5. Nc3 Bg7 6. Be3 Nf6 7. Bc4 Qa5 8.
O-O O-O 9. Bb3 d6 10. h3 Bd7 11. Re1 Nxd4 12. Bxd4 Bc6 13. Nd5 Bxd5 14. exd5
Rfe8 15. c3 Nd7 16. Bxg7 Kxg7 17. Qd4+ Kg8 18. Re3 Qc5 19. Rae1 Qxd4 20. cxd4
Kf8 21. Ba4 Rad8 22. Rb3 b6 23. Rc1 a6 24. Bxd7 Rxd7 25. Rxb6 a5 26. Rcc6 a4
27. Kf1 Ra8 28. Rb5 f5 29. Ke2 Kf7 30. Kd3 g5 31. Kc4 h5 32. Kb4 g4 33. h4 f4
34. Ka3 Rda7 35. Rc4 Kf6 36. Rbb4 Kf5 37. f3 g3 38. Rxa4 Rxa4+ 39. Rxa4 Rc8 40.
Kb3 Rc1 41. Rc4 Rd1 42. a4 Rd2 43. a5 Rxg2 44. a6 Rf2 45. a7 Rxf3+ 46. Kc2 g2
47. a8=Q Kg4 48. Rc3 Rxc3+ 49. bxc3 f3 50. Qg8+ Kh3 51. Qg5 Kh2 52. Qf4+ 1-0

[Event "I liga CS 2016."]
[Site "Kragujevac,hotel Sumarice"]
[Date "2016.09.12"]
[Round "4.5"]
[White "Vlajkovic, Stanko"]
[Black "Lukic, Dragan M"]
[Result "1-0"]
[WhiteElo "1959"]
[BlackElo "2242"]
[PlyCount "59"]
[EventDate "2016.09.10"]

1. e4 Nf6 2. e5 Nd5 3. d4 d6 4. Nf3 g6 5. Bc4 Nb6 6. Bb3 Bg7 7. Qe2 O-O 8. h3
a5 9. a4 dxe5 10. dxe5 Na6 11. Nc3 Nc5 12. Ba2 Bd7 13. O-O e6 14. Bg5 Qe8 15.
Qe3 Nbxa4 16. Bh6 Nxc3 17. bxc3 b6 18. Nh2 f5 19. exf6 Rxf6 20. Bxg7 Kxg7 21.
Ng4 Rf5 22. Rfe1 Qf8 23. Qd4+ Kg8 24. Re5 Rf4 25. Qe3 h5 26. Nh2 Qf7 27. Rd1
Rf6 28. Nf3 Rf8 29. Rxc5 Rxf3 30. gxf3 1-0

[Event "I LIGA CS 2016"]
[Site "Kragujevac"]
[Date "2016.09.12"]
[Round "4.7"]
[White "Ivanov, Mikhail M"]
[Black "Zajic, Milan"]
[Result "0-1"]
[WhiteElo "2393"]
[BlackElo "2483"]
[PlyCount "140"]
[EventDate "2016.??.??"]
[WhiteClock "0:02:19"]
[BlackClock "0:02:57"]

1. d4 Nf6 2. c4 e6 3. Nc3 Bb4 4. e3 O-O 5. Nge2 d5 6. a3 Be7 7. cxd5 exd5 8.
Nf4 c6 9. Bd3 Na6 10. O-O Nc7 11. b4 Ne6 12. Nxe6 Bxe6 13. Na4 Nd7 14. Qc2 f5
15. Nc5 Nxc5 16. dxc5 Qc7 17. Bb2 Bf6 18. Bd4 Rae8 19. g3 g5 20. Qc3 Qg7 21.
Rfe1 h5 22. a4 h4 23. b5 hxg3 24. hxg3 f4 25. bxc6 fxg3 26. fxg3 bxc6 27. Rf1
Bxd4 28. Qxd4 Bh3 29. Qxg7+ Kxg7 30. Rxf8 Rxf8 31. Rb1 Rf3 32. Rb7+ Kf6 33. Rc7
Rxe3 34. Rxc6+ Ke5 35. Bb5 Rxg3+ 36. Kh2 Rc3 37. Rg6 Kf4 38. Rf6+ Ke5 39. Rg6
Bf5 40. Rxg5 Kf6 41. Rg8 Rxc5 42. Kg3 Ke5 43. Rg7 a5 44. Ra7 Rc3+ 45. Kf2 Rc2+
46. Kg3 Rc3+ 47. Kf2 Kf4 48. Rf7 d4 49. Bd7 Rc2+ 50. Kf1 Rc5 51. Ke2 Ke4 52.
Re7+ Re5 53. Bc6+ Kf4+ 54. Rxe5 Kxe5 55. Kd2 Be4 56. Be8 Kd6 57. Bb5 Kc5 58.
Ke2 Kb4 59. Kd2 Bb1 60. Be8 Bf5 61. Bb5 Bg6 62. Bd7 Bh7 63. Bb5 Be4 64. Be8 Kc5
65. Bb5 Bc6 66. Kd3 Bxb5+ 67. axb5 Kxb5 68. Kxd4 Kb4 69. Kd3 Kb3 70. Kd2 Kb2
0-1

[Event "I LIGA CS 2016"]
[Site "Kragujevac"]
[Date "2016.09.12"]
[Round "4.8"]
[White "Djordjevic, Vuk"]
[Black "Radovanovic, Jovica"]
[Result "1-0"]
[WhiteElo "2416"]
[BlackElo "2351"]
[PlyCount "73"]
[EventDate "2016.??.??"]
[WhiteClock "0:01:31"]

1. d4 Nf6 2. Bg5 e6 3. e4 h6 4. Bxf6 Qxf6 5. Nf3 d6 6. Nc3 Nd7 7. Qd2 Qd8 8.
O-O-O g6 9. e5 Bg7 10. Qf4 d5 11. Bd3 O-O 12. Ne2 c5 13. c3 b5 14. Kb1 Rb8 15.
Qd2 Qe7 16. Ka1 Ba6 17. h4 c4 18. Bb1 b4 19. h5 g5 20. Qc2 Rfc8 21. Rh3 Nf8 22.
Nh2 Rc6 23. f4 Rcb6 24. Rd2 gxf4 25. Nxf4 b3 26. Qd1 bxa2 27. Bxa2 Nh7 28. Nf3
Kh8 29. g4 Rb5 30. Rg2 Ng5 31. Nxg5 Qxg5 32. Rf3 Rg8 33. Nh3 Qh4 34. g5 Qxh5
35. gxh6 Qxh6 36. Ng5 Rb7 37. Nh3 1-0